000 01017nam a2200229Ii 4500
003 JO-AjNU
008 230605s9999||||xx |||||||||||||| ||und||
017 _a1996/9/1270
040 _aJO-AjNU
_bara
_erda
_cJO-AjNU
041 _aara
050 1 4 _aHF 5635.K33 2002
100 3 _aتأليف كحالة، جبرائيل جوزيف/م.مشارك رضوان حلوة حنان,
_eauthor
_945172
245 0 0 _aالمحاسبة الادارية : مدخل محاسبة المسؤولية وتقييم الاداء
250 _aط1
264 3 1 _aعمان: الدار العلمية الدولية، دار الثقافة للنشر والتوزيع،2002
300 _a480ص
_bيحتوي على مصطلحات من ص 466-474ص،يحتوي على ببلوغرافية من ص475-480ص
336 _atext
_btxt
_2rdacontent
337 _aunmediated
_bn
_2rdamedia
338 _avolume
_bnc
_2rdacarrier
490 0 _aسلسلة الكتب المحاسبية ؛2
650 4 _aالمحاسبة الادارية
_945173
999 _aA19561
_c23129
_d23129